00983nam a22002177a 4500999001900000005001700019010002800036020002600064035002400090037001400114082001300128100001800141245008800159260005500247270008900302300002500391500005700416942002700473952012500500952014000625 c159410d15941020210901155405.0 aENG-124553 ENG-129816 c795.00a9789352801915 aEN-108085 EN-113348 bDBAD/PUB. a155.9042 aNayar, Mahima aAgainst all odds:cby Mahima Nayarbpsychosocial distress and healing among women / aNew DelhibSage Publications India Pvt. Ltd.c2019 aB1/I-1, Mohan Cooperative Industrial Area Mathura Road Post Bag 7bNew Delhie110044 axvi,257p.c21cm.(Hb) aIt includes bibliography, index and about the author 2ddccENmNAYh155.9042 001040718NFICaDBADbBNd2018-12-17eDBAD/PUBg795.00l0o155.9042 NAYpEN-108085r2018-12-17 00:00:00t1v795.00yEN 001040708NFICaZLSbZLSd2021-09-01eDBAD/PUBg795.00l1m1o155.9042 NAYpEN-113348r2024-02-10 00:00:00s2024-01-20t1v795.00yEN